| 000 | 02154nam0a22004811 4500 | ||
|---|---|---|---|
| 001 | RU\NLR\A1SV\40106 | ||
| 005 | 20251203171251.9 | ||
| 035 | _a(NLR Aleph) 009722437 | ||
| 090 |
_a9878411 _c9878411 |
||
| 100 | _a20010628d1926 u y0rusy50 ca | ||
| 101 | 0 | _arus | |
| 102 | _aRU | ||
| 200 | 1 |
_aГенетика домашней курицы _e[Сб. ст.] _f[Предисл.: Н.К.Кольцова] |
|
| 210 |
_aМ. _cНовая деревня _d1926 |
||
| 215 |
_aVIII, 137, [8] с., 20 л. ил. _cил. _d34 см |
||
| 225 |
_aТр. Аников. генет. станции Наркомзема РСФСР _fПод ред. дир. Станции проф. Н.К.Кольцова |
||
| 300 | _aДоп. тит. л., рез. ст. и огл. на англ. яз. | ||
| 320 | _aБиблиогр.: с.133-137 | ||
| 327 | 0 | _aАвт.: Н.К.Кольцов, А.С. и Р.И.Серебровские, П.И.Живаго, Л.Н.Сахарова, Е.Т.Васина, А.Н.Промптов, Н.Г.Савич, М.Р.Соколов | |
| 620 | _dМосква | ||
| 702 | 1 |
_4070 _7ca _8rus _aКольцов _bН. К. _f1872-1940 _gНиколай Константинович _9266954 _3RU\NLR\AUTH\770267010 |
|
| 702 | 1 |
_aСеребровский _bА.С. _f1892-1948 _gАлександр Сергеевич _4070 |
|
| 702 | 1 |
_aСеребровская _bР.И. _f1888-1981 _gРаиса Исааковна _4070 |
|
| 702 | 1 |
_aЖиваго _bП.И. _f1883-1948 _gПетр Иванович _4070 |
|
| 702 | 1 |
_aСахарова _bЛ.Н. _4070 |
|
| 702 | 1 |
_aВасина _bЕ.Т. _f1899-1988 _gЕкатерина Тимофеевна _4070 |
|
| 702 | 1 |
_aПромптов _bА.Н. _f1898-1948 _gАлександр Николаевич _4070 |
|
| 702 | 1 |
_aСавич _bН.Г. _f1892- _gНина Гордеевна _4070 |
|
| 702 | 1 |
_aСоколов _bМ.Р. _4070 |
|
| 801 | 0 |
_aRU _bNLR _c20010628 |
|
| 852 |
_aNLR _j33/132 |
||
| 899 | _aБАН | ||
| 899 | _aИОНБ | ||
| 899 | _aМГУ | ||
| 899 | _aНБ ТГУ | ||
| 899 | _aНБЛ КГУ | ||
| 899 | _aНБУВ | ||
| 899 | _aРГБ | ||
| 899 | _aРКП | ||
| 942 | _cBOOK | ||
| 980 | _aNB | ||
| 980 | _aA1SV | ||